000 00320nam a22001337a 4500
008 170918b xxu||||| |||| 00| 0 eng d
020 _a9781405486439
041 _aeng
080 _a7
100 _a44
101 _aART
245 _aANCIENT EGYPT THE KONGDOM OF THE PHARAOHS
_cHAMILTON.R
942 _2udc
_cBK
999 _c27899
_d27899